[Event "11. Lichtenberger Sommer"]
[Site "Berlin"]
[Date "2012.08.24"]
[Round "7.76"]
[White "Knopf, Roland"]
[Black "Wierzbicki, Jirawat"]
[Result "1/2-1/2"]
[WhiteElo "1886"]
[BlackElo "1584"]
[PlyCount "110"]
[EventDate "2012.??.??"]
[WhiteTeam "SC Kreuzberg e.V."]
[BlackTeam "TuS Makkabi Berlin e.V."]

1. d4 d5 2. Nf3 Nf6 3. c4 dxc4 4. Nc3 Nc6 5. e3 Bg4 6. Bxc4 e6 7. O-O a6 8. h3
Bh5 9. a3 Bd6 10. b4 O-O 11. Bb2 Re8 12. Be2 e5 13. d5 Ne7 14. e4 Bg6 15. Bd3
c6 16. dxc6 Nxc6 17. Nh4 Qe7 18. Nxg6 hxg6 19. Bc4 Rad8 20. Nd5 Nxd5 21. Bxd5
Bc7 22. Qg4 Bb6 23. Bc1 Bd4 24. Bg5 Qd6 25. Bxc6 bxc6 26. Rad1 Rc8 27. Be3 c5
28. bxc5 Rxc5 29. Rd3 Qf6 30. f4 Bxe3+ 31. Rxe3 exf4 32. Qxf4 Qxf4 33. Rxf4
Rce5 34. Kf2 Rb8 35. Rc3 Rbe8 36. Kf3 R5e7 37. h4 Rb7 38. g4 Reb8 39. e5 Rb3
40. Rfc4 Kh7 41. Ke4 Rb1 42. Rc7 Re1+ 43. Kf4 Re8 44. R3c5 Rf1+ 45. Kg3 Rd8 46.
Rc3 Rd4 47. R7c4 Rg1+ 48. Kh3 Rgxg4 49. Rxd4 Rxd4 50. Re3 Ra4 51. Kg3 Kh6 52.
Rf3 Re4 53. Rxf7 Rxe5 54. Rf8 Kh7 55. Rf3 Ra5 1/2-1/2

[Event "11. Lichtenberger Sommer"]
[Site "Berlin"]
[Date "2012.08.24"]
[Round "7.78"]
[White "Mildenberger, Hans"]
[Black "Grothe, Michael"]
[Result "1-0"]
[WhiteElo "1626"]
[BlackElo "1260"]
[PlyCount "79"]
[EventDate "2012.??.??"]
[WhiteTeam "SG BVG Helmholtz 55"]
[BlackTeam "SK König Tegel 1949 e.V."]

1. e4 e5 2. Nf3 Nc6 3. Bb5 Nge7 4. O-O d6 5. h3 g6 6. c3 Bg7 7. d4 O-O 8. d5 a6
9. Ba4 b5 10. Bc2 Na7 11. Be3 c6 12. dxc6 Naxc6 13. a4 Bb7 14. Qd2 Na5 15. b3
Bc6 16. Na3 bxa4 17. bxa4 Nb7 18. Nc4 d5 19. Ncxe5 dxe4 20. Nxc6 Nxc6 21. Bxe4
Rc8 22. Rab1 Nd6 23. Bd5 Ne7 24. Bb7 Nxb7 25. Rxb7 Nf5 26. Qxd8 Rfxd8 27. Bb6
Rd6 28. g4 Nh6 29. Bd4 Bxd4 30. cxd4 Rc4 31. Re1 Rxa4 32. g5 Nf5 33. Re8+ Kg7
34. Ne5 Nh6 35. gxh6+ Kf6 36. Rxf7+ Kg5 37. Nf3+ Kxh6 38. Rh8 g5 39. Rhxh7+ Kg6
40. Ne5# 1-0

[Event "11. Lichtenberger Sommer"]
[Site "Berlin"]
[Date "2012.08.24"]
[Round "7.79"]
[White "Kasper, Peter"]
[Black "Grassi, Fabrizio"]
[Result "1/2-1/2"]
[WhiteElo "1822"]
[BlackElo "1933"]
[PlyCount "33"]
[EventDate "2012.??.??"]
[WhiteTeam "SG Eckturm"]
[BlackTeam "SV Berlin-Friedrichstadt"]

1. b4 c6 2. c4 d5 3. cxd5 cxd5 4. e3 Nf6 5. Nf3 Bg4 6. Be2 e6 7. Qb3 Bd6 8. Bb2
Nbd7 9. d3 O-O 10. Nbd2 Qe7 11. a3 Rac8 12. h3 Bh5 13. O-O h6 14. Rfc1 a6 15.
Bf1 Bg6 16. Rc3 Rfd8 17. Rac1 1/2-1/2

[Event "11. Lichtenberger Sommer"]
[Site "Berlin"]
[Date "2012.08.24"]
[Round "7.80"]
[White "Getzuhn, Detlef"]
[Black "Remboldt, Viktor"]
[Result "1/2-1/2"]
[WhiteElo "1904"]
[BlackElo "1802"]
[PlyCount "28"]
[EventDate "2012.??.??"]
[WhiteTeam "SV Senat e.V."]
[BlackTeam "Bille SC von 1924 e.V."]

1. e4 e5 2. Nf3 Nc6 3. Bc4 Nf6 4. d3 Bc5 5. c3 O-O 6. O-O d6 7. Bg5 Bg4 8. Nbd2
h6 9. Be3 Bb6 10. b4 d5 11. Bxb6 axb6 12. exd5 Nxd5 13. Qb3 Nf4 14. Qc2 Qd7
1/2-1/2

[Event "11. Lichtenberger Sommer"]
[Site "Berlin"]
[Date "2012.08.24"]
[Round "7.81"]
[White "Korb, Viktor"]
[Black "Lang, Martin"]
[Result "0-1"]
[WhiteElo "1629"]
[BlackElo "1909"]
[PlyCount "52"]
[EventDate "2012.??.??"]
[WhiteTeam "SF Siemensstadt"]
[BlackTeam "SC Zugzwang 95 e.V."]

1. e4 e6 2. d4 d5 3. exd5 exd5 4. Bd3 c5 5. Qe2+ Be7 6. dxc5 Qa5+ 7. Bd2 Qxc5
8. Nf3 Nf6 9. a3 Nc6 10. b4 Qb6 11. c4 O-O 12. c5 Qd8 13. O-O Bg4 14. h3 Nd4
15. Qe3 Nxf3+ 16. gxf3 Bxh3 17. Re1 Re8 18. Qd4 Qd7 19. Nc3 a6 20. Re5 Rad8 21.
Rae1 Be6 22. b5 Qc8 23. Na4 Nd7 24. Rxe6 fxe6 25. Rxe6 Nf6 26. Ba5 Qxe6 0-1

[Event "11. Lichtenberger Sommer"]
[Site "Berlin"]
[Date "2012.08.24"]
[Round "7.83"]
[White "Geist, Wolfgang"]
[Black "Müller, Thomas"]
[Result "0-1"]
[WhiteElo "1306"]
[BlackElo "1767"]
[PlyCount "80"]
[EventDate "2012.??.??"]
[WhiteTeam "SSV 90 Artern"]
[BlackTeam "SV Schewe Torm/Derendorf 1928/30"]

1. d4 Nf6 2. Nf3 g6 3. e3 Bg7 4. Nbd2 O-O 5. g3 b6 6. Bg2 Bb7 7. O-O Na6 8. a3
c5 9. c3 Qc7 10. Ne1 Bxg2 11. Nxg2 Rae8 12. Qe2 Nb8 13. dxc5 Qxc5 14. e4 d6 15.
Nb3 Qc6 16. Re1 Nfd7 17. Nd4 Qb7 18. Bd2 Nc6 19. Nxc6 Qxc6 20. Rac1 Nc5 21. Rc2
e5 22. c4 f5 23. exf5 Rxf5 24. Ne3 Rf7 25. Bb4 Ne4 26. Rf1 Ng5 27. Nd5 Qd7 28.
f3 Ref8 29. f4 exf4 30. Rxf4 Nh3+ 31. Kg2 Nxf4+ 32. gxf4 Re8 33. Qf3 Qf5 34.
Rf2 Qe4 35. Bxd6 Qxc4 36. Ne7+ Rfxe7 37. Bxe7 Rxe7 38. Rd2 Qe4 39. b4 Qxf3+ 40.
Kxf3 Rc7 0-1

[Event "11. Lichtenberger Sommer"]
[Site "Berlin"]
[Date "2012.08.24"]
[Round "7.84"]
[White "Acikel, Mert"]
[Black "Schindler, Rudolf"]
[Result "1/2-1/2"]
[WhiteElo "1791"]
[BlackElo "1767"]
[PlyCount "84"]
[EventDate "2012.??.??"]
[WhiteTeam "VfB Hermsdorf e.V."]
[BlackTeam "SG Lasker Steglitz-Wilmersdorf"]

1. e4 d6 2. d4 Nf6 3. Nc3 c6 4. f4 Qa5 5. Bd2 e5 6. dxe5 dxe5 7. f5 Qc7 8. Nf3
b5 9. Bd3 Bc5 10. Qe2 Nbd7 11. a3 a5 12. Be3 Qb6 13. Bxc5 Qxc5 14. Qf2 Ng4 15.
Qxc5 Nxc5 16. Ke2 Nxd3 17. cxd3 f6 18. h3 Nh6 19. g4 Nf7 20. Rhd1 Bb7 21. d4
Rd8 22. dxe5 fxe5 23. Rxd8+ Kxd8 24. b4 h6 25. bxa5 Ba6 26. Ke3 Kc7 27. Rd1 Re8
28. Na2 Nd6 29. Nb4 Nc4+ 30. Ke2 Bc8 31. Rc1 Nxa5 32. Nd3 Nc4 33. Kf2 Kb6 34.
a4 Bd7 35. axb5 cxb5 36. Rd1 Bc6 37. Nd2 Nxd2 38. Rxd2 Bxe4 39. Nb4 Kc5 40.
Na6+ Kc6 41. Nb4+ Kc7 42. Na6+ Kc6 1/2-1/2

[Event "11. Lichtenberger Sommer"]
[Site "Berlin"]
[Date "2012.08.24"]
[Round "7.85"]
[White "Krawatzki, Armin"]
[Black "Bandlow, Reinhard"]
[Result "0-1"]
[WhiteElo "1752"]
[BlackElo "1983"]
[PlyCount "54"]
[EventDate "2012.??.??"]
[WhiteTeam "SVG Läufer Reinickendorf e.V."]
[BlackTeam "SV Bau-Union e.V."]

1. Nf3 Nf6 2. d4 e6 3. Bf4 d5 4. e3 Bd6 5. Bg5 Nbd7 6. Bd3 h6 7. Bh4 c6 8. Nbd2
Qc7 9. c4 O-O 10. O-O Re8 11. c5 Bf8 12. Bg3 Qd8 13. b4 b6 14. Qc2 bxc5 15.
bxc5 Qa5 16. Ne5 Nxe5 17. Bxe5 Nd7 18. Nf3 Ba6 19. Bxa6 Qxa6 20. Rab1 f6 21.
Bg3 e5 22. Qf5 Qc8 23. Rb2 Rb8 24. Rfb1 Rxb2 25. Rxb2 exd4 26. exd4 Kf7 27. Nh4
Re1# 0-1

[Event "11. Lichtenberger Sommer"]
[Site "Berlin"]
[Date "2012.08.24"]
[Round "7.87"]
[White "Bollenbach, Horst"]
[Black "Theilig, Reinhard"]
[Result "1-0"]
[WhiteElo "1742"]
[BlackElo "1722"]
[PlyCount "120"]
[EventDate "2012.??.??"]
[WhiteTeam "SC Friesen Lichtenberg e.V."]
[BlackTeam "VfB Hermsdorf e.V."]

1. e4 d6 2. d4 Nf6 3. f3 g6 4. Bd3 Bg7 5. Be3 O-O 6. Ne2 Nbd7 7. O-O c5 8. c3
a6 9. a4 b6 10. Na3 Bb7 11. Rc1 Re8 12. Qb3 d5 13. dxc5 dxe4 14. Bxe4 Bxe4 15.
fxe4 bxc5 16. Rcd1 Qb8 17. Qc2 Ng4 18. Bf4 Qa7 19. h3 Nge5 20. Kh1 e6 21. Rd2
Nb6 22. Rfd1 Qe7 23. Rd6 Nbc4 24. Nxc4 Nxc4 25. Rd7 Qh4 26. Rf1 f5 27. b3 Nb6
28. Rd6 Nc8 29. Rc6 e5 30. Bg3 Qxe4 31. Qxe4 fxe4 32. Rxc5 Nd6 33. Bf2 Rf8 34.
Ng3 Nf5 35. Nxe4 Ne3 36. Re1 Nf5 37. g4 Ne7 38. Bh4 Nc8 39. Rc6 Kh8 40. Kg2 Kg8
41. Nf6+ Bxf6 42. Bxf6 Re8 43. Rxe5 Rxe5 44. Bxe5 Kf7 45. g5 Ne7 46. Rc7 Ke6
47. Bf6 Nd5 48. Rxh7 Nxf6 49. gxf6 Kxf6 50. Kf3 Rc8 51. c4 Rb8 52. Ke4 Rxb3 53.
Kd5 Ra3 54. c5 Rxa4 55. c6 Ra5+ 56. Kd6 Rb5 57. c7 Rb6+ 58. Kc5 Rb3 59. Rh4
Rb5+ 60. Kc6 Rb3 1-0

[Event "11. Lichtenberger Sommer"]
[Site "Berlin"]
[Date "2012.08.24"]
[Round "7.88"]
[White "Kretzschmar, Jan"]
[Black "Kollars, Michael"]
[Result "1-0"]
[WhiteElo "1839"]
[BlackElo "1649"]
[PlyCount "131"]
[EventDate "2012.??.??"]
[WhiteTeam "SC Kreuzberg e.V."]
[BlackTeam "Delmenhorster SK V 1931"]

1. d4 f5 2. g3 Nf6 3. Bg2 c5 4. d5 g6 5. Nh3 Na6 6. O-O Bg7 7. c3 d6 8. Nd2 Nc7
9. Nc4 O-O 10. a4 Rb8 11. Re1 e6 12. dxe6 Bxe6 13. Nxd6 Bd5 14. Bxd5+ Nfxd5 15.
Nb5 a6 16. Nxc7 Nxc7 17. Bf4 Rc8 18. Qb3+ Qd5 19. Qxd5+ Nxd5 20. Red1 Nf6 21.
Rd3 c4 22. Rdd1 Rfe8 23. Kf1 h6 24. Ng1 g5 25. Bd6 Bf8 26. f3 Rc6 27. Bxf8 Kxf8
28. Rd4 Kf7 29. a5 Rec8 30. Ra4 b5 31. axb6 Rxb6 32. Rdxc4 Rxc4 33. Rxc4 Rxb2
34. Ra4 Rc2 35. Rxa6 Rxc3 36. Nh3 Kg6 37. Kf2 Rc2 38. Ke3 Rc1 39. Nf2 Kg7 40.
Nd3 Rc7 41. Kf2 Nd7 42. h4 g4 43. Nf4 Kh7 44. Ra5 gxf3 45. Kxf3 Nc5 46. Rb5 Rc6
47. Nd5 Kg7 48. Nf4 Kf6 49. Rb8 Nd7 50. Rb5 Ne5+ 51. Kg2 Ng4 52. Nd5+ Ke6 53.
Nf4+ Kf6 54. Rb3 Ke5 55. Nd3+ Kf6 56. Nf2 Nxf2 57. Kxf2 Kg6 58. Kf3 Re6 59. Rb4
Rc6 60. Kf4 Re6 61. h5+ Kxh5 62. Kxf5 Rf6+ 63. Ke5 Rf5+ 64. Ke6 Rf6+ 65. Ke7
Rf5 66. g4+ 1-0

[Event "11. Lichtenberger Sommer"]
[Site "Berlin"]
[Date "2012.08.24"]
[Round "7.89"]
[White "Herrmann, Eberhard"]
[Black "Möller, Dirk"]
[Result "1-0"]
[WhiteElo "1859"]
[BlackElo "1686"]
[PlyCount "62"]
[EventDate "2012.??.??"]
[WhiteTeam "SC Friesen Lichtenberg e.V."]
[BlackTeam "SC Kreuzberg e.V."]

1. e4 c5 2. Nf3 e6 3. Bc4 Nc6 4. O-O a6 5. a3 Be7 6. d4 b5 7. d5 Nd4 8. Ba2 e5
9. Nxe5 d6 10. Nd3 c4 11. Be3 Nxc2 12. Qxc2 cxd3 13. Qxd3 Bf6 14. Nc3 Ne7 15.
Rac1 Ng6 16. Rc2 Ne5 17. Qd2 O-O 18. Ne2 Qd7 19. Nd4 Qg4 20. f4 Ng6 21. Bb3 Nh4
22. Rc7 Qg6 23. Bc2 Bh3 24. Rf2 Bxd4 25. Bxd4 Bxg2 26. Bd1 Bxe4+ 27. Kf1 Bxd5
28. f5 Bc4+ 29. Rxc4 Qh6 30. Qxh6 gxh6 31. Rc3 Rae8 1-0

[Event "11. Lichtenberger Sommer"]
[Site "Berlin"]
[Date "2012.08.24"]
[Round "7.90"]
[White "Bandsom, Olaf"]
[Black "Köhler, Hans-Christian"]
[Result "1/2-1/2"]
[WhiteElo "1800"]
[BlackElo "1431"]
[PlyCount "99"]
[EventDate "2012.??.??"]
[WhiteTeam "SC Friesen Lichtenberg e.V."]
[BlackTeam "Schachgemeinschaft 2011 Sennewit"]

1. e4 c6 2. d4 d5 3. e5 Bf5 4. Nf3 h6 5. Be3 Nd7 6. c4 e6 7. Nc3 a6 8. cxd5
cxd5 9. Bd3 Bxd3 10. Qxd3 Ne7 11. O-O Nc6 12. a3 Be7 13. Nd2 Qb6 14. f4 O-O-O
15. Rfb1 g5 16. Ne2 gxf4 17. Nxf4 Bg5 18. g3 Rdg8 19. Nf3 Na5 20. Rc1+ Kb8 21.
b4 Nc4 22. Nxg5 hxg5 23. Ng2 f5 24. exf6 Nxf6 25. Qe2 Qd6 26. Rc2 Ne4 27. Qg4
Nxe3 28. Nxe3 Rc8 29. Rac1 Rxc2 30. Rxc2 Rc8 31. Qe2 Rxc2 32. Qxc2 Qc7 33.
Qxc7+ Kxc7 34. Kg2 b6 35. h4 gxh4 36. gxh4 Kd6 37. Kf3 e5 38. Nc2 Nf6 39. dxe5+
Kxe5 40. Ke3 Ng4+ 41. Kd3 Nf6 42. Nd4 Kd6 43. Nf5+ Kc6 44. Kd4 a5 45. Ne7+ Kd6
46. Ng6 axb4 47. axb4 Nh5 48. b5 Ng7 49. Kc3 Kc5 50. Ne7 1/2-1/2

[Event "11. Lichtenberger Sommer"]
[Site "Berlin"]
[Date "2012.08.24"]
[Round "7.91"]
[White "Stiewe, Frank"]
[Black "Boeck, Rüdiger"]
[Result "1/2-1/2"]
[WhiteElo "1679"]
[BlackElo "1845"]
[PlyCount "110"]
[EventDate "2012.??.??"]
[WhiteTeam "vereinslos"]
[BlackTeam "SC Weisse Dame Ulm e.V."]

1. e4 e5 2. Nf3 Nc6 3. Bb5 a6 4. Bxc6 dxc6 5. h3 Bd6 6. d3 h6 7. b3 Ne7 8. Bb2
Ng6 9. Nc3 Nf4 10. Rh2 Qf6 11. Ne2 Ne6 12. Qd2 c5 13. O-O-O Bd7 14. Rf1 O-O-O
15. Rhh1 g5 16. Nh2 Qg6 17. g4 Qf6 18. Ng3 Nf4 19. f3 Nxh3 20. Nh5 Qg6 21. Qg2
Nf4 22. Nxf4 gxf4 23. Rfg1 Rdg8 24. Nf1 h5 25. Qh3 Rh7 26. Qh4 Re8 27. gxh5 Qh6
28. Qg5 f6 29. Qxh6 Rxh6 30. Rg6 Reh8 31. Rxh6 Rxh6 32. c3 Be8 33. Nd2 b5 34.
a3 Rxh5 35. Rxh5 Bxh5 36. Kd1 Bf7 37. b4 cxb4 38. cxb4 c5 39. Bc3 Kc7 40. Ke2
Kc6 41. Nb1 Ba2 42. Nd2 Be6 43. Nb1 f5 44. Nd2 cxb4 45. axb4 a5 46. bxa5 b4 47.
Bb2 Kb5 48. Kd1 Kxa5 49. exf5 Bf7 50. Ke2 Kb5 51. Ne4 Bc7 52. Nd2 Ka4 53. Ke1
Bb8 54. Ke2 Bb3 55. f6 Bf7 1/2-1/2

[Event "11. Lichtenberger Sommer"]
[Site "Berlin"]
[Date "2012.08.24"]
[Round "7.93"]
[White "Jeremic, Nemanja"]
[Black "Tschirschwitz, Stephan"]
[Result "1-0"]
[WhiteElo "1649"]
[BlackElo "1557"]
[PlyCount "59"]
[EventDate "2012.??.??"]
[WhiteTeam "BSC Rehberge 1945 e.V."]
[BlackTeam "SG Lasker Steglitz-Wilmersdorf"]

1. e4 c5 2. Nc3 Nc6 3. g3 e6 4. Bg2 Nf6 5. d3 d6 6. f4 Be7 7. Nf3 a6 8. O-O Qc7
9. Nh4 O-O 10. f5 e5 11. Bg5 Nd4 12. Bxf6 Bxf6 13. Nd5 Qd8 14. c3 Nc6 15. Qe2
Bxh4 16. gxh4 Qxh4 17. Rf3 f6 18. Rh3 Qg5 19. Rf1 Rf7 20. Rff3 Qg4 21. Qe1 Qxh3
22. Rxh3 g5 23. fxg6 Bxh3 24. gxf7+ Kxf7 25. Bxh3 Rg8+ 26. Kf1 Ne7 27. Nxe7
Kxe7 28. Qh4 Rg7 29. Qh5 b6 30. Qf5 1-0

[Event "11. Lichtenberger Sommer"]
[Site "Berlin"]
[Date "2012.08.24"]
[Round "7.94"]
[White "Schönemann, Manfred"]
[Black "Gnaß, Erhard"]
[Result "1-0"]
[WhiteElo "1788"]
[BlackElo "1528"]
[PlyCount "61"]
[EventDate "2012.??.??"]
[WhiteTeam "SV Turbine Berlin e.V."]
[BlackTeam "SK Zehlendorf e.V."]

1. d4 Nf6 2. c4 e5 3. dxe5 Ng4 4. Qd4 d6 5. exd6 Nc6 6. Qe4+ Be6 7. c5 cxd6 8.
cxd6 Bxd6 9. Nf3 Nf6 10. Qa4 O-O 11. a3 Qa5+ 12. Nc3 Qxa4 13. Nxa4 b5 14. Nc3
b4 15. Nb5 Be7 16. Nc7 Rac8 17. Nxe6 fxe6 18. e3 h6 19. Bc4 Kf7 20. b3 Na5 21.
Ne5+ Ke8 22. Bxe6 Rc2 23. Ng6 Rg8 24. Nxe7 Kxe7 25. Bxg8 Nxg8 26. axb4 Nxb3 27.
Rxa7+ Kf6 28. Ba3 Nc1 29. O-O Nd3 30. b5 Nc5 31. b6 1-0

[Event "11. Lichtenberger Sommer"]
[Site "Berlin"]
[Date "2012.08.24"]
[Round "7.95"]
[White "Meinicke, Kurt"]
[Black "Lippianowski, Stefan"]
[Result "1-0"]
[WhiteElo "1547"]
[BlackElo "1259"]
[PlyCount "41"]
[EventDate "2012.??.??"]
[WhiteTeam "BSG 1827 Eckbauer e.V."]
[BlackTeam "Treptower SV 1949 e.V."]

1. d4 d5 2. c4 Nf6 3. cxd5 Nxd5 4. e4 Nb6 5. Nf3 f6 6. Be3 c5 7. Na3 Bd7 8.
dxc5 Nc8 9. Qb3 Bc6 10. Rd1 Qa5+ 11. Bd2 Qc7 12. Bc4 e5 13. Be3 Bxe4 14. Nb5
Qe7 15. Nd6+ Nxd6 16. cxd6 Qd8 17. Bb5+ Nc6 18. Qe6+ Be7 19. Bc5 Kf8 20. dxe7+
Nxe7 21. Rxd8+ 1-0

[Event "11. Lichtenberger Sommer"]
[Site "Berlin"]
[Date "2012.08.24"]
[Round "7.96"]
[White "Schneider, Eckehard"]
[Black "Fontaine, Constantin"]
[Result "1-0"]
[WhiteElo "1795"]
[BlackElo "1343"]
[PlyCount "63"]
[EventDate "2012.??.??"]
[WhiteTeam "Sfrd. Berlin 1903 e.V."]
[BlackTeam "SK Tempelhof 1931 e.V."]

1. e4 g6 2. c3 Nf6 3. e5 Nd5 4. Nf3 f6 5. Bc4 e6 6. O-O b6 7. Bxd5 exd5 8. exf6
Qxf6 9. Re1+ Be7 10. d4 h6 11. Na3 c6 12. Bd2 Na6 13. Qc1 Nc7 14. Ne5 Bb7 15.
Qc2 O-O-O 16. Nxg6 Rh7 17. Nxe7+ Rxe7 18. Rxe7 Qxe7 19. Bxh6 Re8 20. Be3 Ne6
21. Qd2 Qh4 22. b4 Ba6 23. Nc2 Nf4 24. Ne1 Nh3+ 25. Kh1 Nf4 26. Nf3 Qg4 27.
Bxf4 Re2 28. Re1 Qe6 29. Rxe2 Bxe2 30. Ne5 Qf5 31. h3 Ba6 32. Kh2 1-0

[Event "11. Lichtenberger Sommer"]
[Site "Berlin"]
[Date "2012.08.24"]
[Round "7.97"]
[White "Güldenpfennig, Gavin"]
[Black "Koerber, Bernhard"]
[Result "1-0"]
[WhiteElo "1544"]
[BlackElo "1643"]
[PlyCount "47"]
[EventDate "2012.??.??"]
[WhiteTeam "BSC Rehberge 1945 e.V."]
[BlackTeam "SK Zehlendorf e.V."]

1. e4 e6 2. d4 d5 3. e5 c5 4. c3 Nc6 5. Nf3 Bd7 6. a3 Qb6 7. b4 cxd4 8. cxd4
Nge7 9. Be3 Nf5 10. Be2 Nxe3 11. fxe3 Be7 12. Nc3 O-O 13. e4 Nxb4 14. axb4 Bxb4
15. Rc1 Rac8 16. Qb3 Qa5 17. Kd2 Rc7 18. Kd3 Rfc8 19. Na2 Bb5+ 20. Ke3 Bd2+ 21.
Nxd2 Bxe2 22. Kxe2 Qa6+ 23. Kf2 dxe4 24. Nxe4 1-0

[Event "11. Lichtenberger Sommer"]
[Site "Berlin"]
[Date "2012.08.24"]
[Round "7.98"]
[White "Ziegel, Mandy Marie"]
[Black "Jachym, Christoph"]
[Result "0-1"]
[WhiteElo "853"]
[BlackElo "1629"]
[PlyCount "119"]
[EventDate "2012.??.??"]
[WhiteTeam "Schachclub Oranienburg e.V."]
[BlackTeam "SC Zugzwang 95 e.V."]

1. d4 Nf6 2. c4 e5 3. d5 Bc5 4. a3 Ng4 5. e3 d6 6. Nc3 f5 7. h3 Nf6 8. Bd3 O-O
9. b4 Bb6 10. f3 a5 11. Bb2 Bxe3 12. Nge2 Qe7 13. Qc2 e4 14. fxe4 fxe4 15. Nxe4
Nxe4 16. Bxe4 Qh4+ 17. g3 Bf2+ 18. Kd2 Qh6+ 19. Kd1 axb4 20. axb4 Rxa1+ 21.
Bxa1 Nd7 22. g4 Nf6 23. Bf5 Nxg4 24. Bxg4 Bxg4 25. Qc3 Rf3 26. Qxg7+ Qxg7 27.
Bxg7 Kxg7 28. hxg4 Rb3 29. Kc2 Rxb4 30. Kc3 Ra4 31. Kb3 Ra8 32. Rf1 Be3 33. Rf3
Bc5 34. Kb2 Rf8 35. Nf4 Kg8 36. Kc3 Be3 37. Rxe3 Rxf4 38. Rg3 Kg7 39. Kb4 Kg6
40. Re3 Rf7 41. Kb5 Kg5 42. Re4 h6 43. c5 dxc5 44. Kxc5 Rd7 45. Rd4 Rd6 46. Kc4
c6 47. Kc5 Rxd5+ 48. Rxd5+ cxd5 49. Kxd5 Kxg4 50. Kc5 h5 51. Kb6 h4 52. Kxb7 h3
53. Kc6 h2 54. Kc5 h1=Q 55. Kd4 Kf5 56. Kd3 Qe4+ 57. Kd2 Qd4+ 58. Ke2 Qc3 59.
Kf2 Qd2+ 60. Kg1 0-1

[Event "11. Lichtenberger Sommer"]
[Site "Berlin"]
[Date "2012.08.24"]
[Round "7.99"]
[White "Paris, Gerhard"]
[Black "Ziems, Michael"]
[Result "0-1"]
[WhiteElo "1615"]
[BlackElo "1836"]
[PlyCount "84"]
[EventDate "2012.??.??"]
[WhiteTeam "TSG Oberschöneweide e.V."]
[BlackTeam "SV Empor Berlin e.V."]

1. e4 c5 2. Nc3 Nc6 3. g3 e6 4. Bg2 Nf6 5. d3 Be7 6. Nge2 O-O 7. O-O d5 8. exd5
exd5 9. Nf4 d4 10. Ne4 Bf5 11. Nxf6+ Bxf6 12. Nd5 Be5 13. Re1 Qd7 14. Nf4 Bd6
15. Nh5 Ne5 16. Bh6 Bg4 17. Bxg7 Bxd1 18. Nf6+ Kxg7 19. Nxd7 Nxd7 20. Raxd1
Rab8 21. f4 Nf6 22. h3 b5 23. Rf1 Rfe8 24. g4 Re2 25. g5 Ne8 26. Rc1 f5 27. Bf3
Re3 28. Bc6 Nc7 29. c3 Ne6 30. cxd4 Nxd4 31. Rce1 Rxe1 32. Rxe1 Nxc6 33. Re6
Rd8 34. Rf6 Nd4 35. h4 Bxf4 36. Kf2 Re8 37. Ra6 Re2+ 38. Kf1 Re7 39. Kf2 Be3+
40. Kg2 f4 41. h5 f3+ 42. Kf1 Bxg5 0-1

[Event "11. Lichtenberger Sommer"]
[Site "Berlin"]
[Date "2012.08.24"]
[Round "7.100"]
[White "Kohlmeyer, Dagobert"]
[Black "Zelanti, Markus"]
[Result "1-0"]
[WhiteElo "1895"]
[BlackElo "1487"]
[PlyCount "61"]
[EventDate "2012.??.??"]
[WhiteTeam "SC Rochade e.V."]
[BlackTeam "Queer-Springer SSV Berlin"]

1. e4 e6 2. d4 d5 3. Nc3 Nf6 4. Bg5 Be7 5. e5 Nfd7 6. h4 Bxg5 7. hxg5 Qxg5 8.
Nh3 Qe7 9. Qg4 g6 10. Nf4 h5 11. Qf3 Nc6 12. O-O-O Nf8 13. Kb1 Bd7 14. Nfxd5
exd5 15. Nxd5 Bg4 16. Nf6+ Kd8 17. Qd5+ Bd7 18. a3 Qe6 19. Qc5 Qe7 20. Qc3 Nh7
21. Nxd7 Kxd7 22. Bb5 Kc8 23. Bxc6 bxc6 24. Qxc6 Rb8 25. Qa6+ Rb7 26. f4 Nf8
27. d5 Qc5 28. Qf6 Qb6 29. e6 Rh7 30. Rh3 Nxe6 31. dxe6 1-0

[Event "11. Lichtenberger Sommer"]
[Site "Berlin"]
[Date "2012.08.24"]
[Round "7.101"]
[White "Laurin, Dirk"]
[Black "Bastian, Reinhard"]
[Result "1-0"]
[WhiteElo "1665"]
[BlackElo "1620"]
[PlyCount "69"]
[EventDate "2012.??.??"]
[WhiteTeam "SG Narva Berlin e.V."]
[BlackTeam "vereinslos"]

1. e4 e6 2. d4 d5 3. e5 c5 4. c3 Nc6 5. Nf3 Bd7 6. Be2 Qc7 7. Na3 a6 8. Nc2 f6
9. exf6 gxf6 10. g4 O-O-O 11. Be3 e5 12. h3 Be8 13. dxc5 Bg6 14. Nh4 Nge7 15.
b4 Bxc2 16. Qxc2 d4 17. Bd2 Nd5 18. a4 dxc3 19. Bxc3 Ncxb4 20. Qf5+ Kb8 21.
Bxb4 Nxb4 22. Rc1 Bh6 23. Rc4 Qa5 24. O-O Bg5 25. Nf3 Nc6 26. Nxg5 fxg5 27. Rb1
Qd2 28. Qe4 Qd5 29. Bf3 Ne7 30. c6 Qxe4 31. Bxe4 Rc8 32. Rxb7+ Ka8 33. Rxe7 Kb8
34. Rb4+ Ka8 35. Rbb7 1-0

[Event "11. Lichtenberger Sommer"]
[Site "Berlin"]
[Date "2012.08.24"]
[Round "7.102"]
[White "Schulz, Martin"]
[Black "Schreiber, Ben-Luca"]
[Result "0-1"]
[WhiteElo "1648"]
[BlackElo "1677"]
[PlyCount "74"]
[EventDate "2012.??.??"]
[WhiteTeam "KSC Strausberg Abt. Schach"]
[BlackTeam "SG Lasker Steglitz-Wilmersdorf"]

1. c4 Nf6 2. Nc3 g6 3. g3 Bg7 4. Bg2 O-O 5. Nf3 d6 6. O-O c6 7. e3 Bg4 8. Re1
Qc8 9. d4 Re8 10. Qb3 Na6 11. Nd2 Rb8 12. f3 Bd7 13. Nde4 Nxe4 14. Nxe4 c5 15.
d5 f5 16. Ng5 Bf6 17. e4 h6 18. Nh3 fxe4 19. Nf2 exf3 20. Qxf3 h5 21. Bd2 Bxb2
22. Rab1 Bf6 23. Ne4 Bd4+ 24. Be3 Bg4 25. Qf4 Bg7 26. Qg5 Qf5 27. Rf1 Qxg5 28.
Bxg5 Bd4+ 29. Kh1 Be2 30. Rfc1 Nb4 31. Rxb4 cxb4 32. Nd2 Bf6 33. Be3 b6 34. Nb3
Rbc8 35. Nd2 b5 36. Bf1 Bxf1 37. Nxf1 bxc4 0-1

[Event "11. Lichtenberger Sommer"]
[Site "Berlin"]
[Date "2012.08.24"]
[Round "7.103"]
[White "Mahler, Sonja"]
[Black "Urbaniak, Andreas"]
[Result "0-1"]
[WhiteElo "1644"]
[BlackElo "1708"]
[PlyCount "80"]
[EventDate "2012.??.??"]
[WhiteTeam "SC Kreuzberg e.V."]
[BlackTeam "SV Berolina Mitte e.V."]

1. d4 Nf6 2. Bf4 e6 3. e3 c5 4. c3 Nc6 5. a3 d5 6. Be2 cxd4 7. exd4 Bd6 8. Bg5
h6 9. Bh4 g5 10. Bg3 Ne4 11. Bh5 O-O 12. Qc1 Qc7 13. Ne2 f5 14. f4 Nxg3 15.
hxg3 g4 16. Kf2 b6 17. Rh2 Rf6 18. Qh1 Qg7 19. Nd2 Ba6 20. Nf1 Na5 21. Rh4 Kh7
22. Re1 Bd3 23. Qh2 Nc4 24. Ra1 Be4 25. b3 Nxa3 26. Rc1 Rc8 27. Ne3 Nb1 28. Rh1
Bf8 29. b4 Nd2 30. Bxg4 fxg4 31. Nxg4 Rg6 32. Ne5 Rf6 33. g4 Nc4 34. g5 Qxg5
35. Rg4 Qf5 36. Ng3 Nxe5 37. dxe5 Qxg4 38. exf6 Qxf4+ 39. Ke2 Rxc3 40. Nxe4
Qxe4+ 0-1

[Event "11. Lichtenberger Sommer"]
[Site "Berlin"]
[Date "2012.08.24"]
[Round "7.104"]
[White "Pilgrim, Wilfried"]
[Black "Winz, Michael"]
[Result "1-0"]
[WhiteElo "1486"]
[BlackElo "1663"]
[PlyCount "53"]
[EventDate "2012.??.??"]
[WhiteTeam "SC Kreuzberg e.V."]
[BlackTeam "SC Friesen Lichtenberg e.V."]

1. Nf3 Nf6 2. d4 d5 3. Nc3 Bg4 4. h3 Bh5 5. Bf4 e6 6. e3 Bb4 7. a3 Ba5 8. b4
Bb6 9. Be2 O-O 10. Ne5 Bxe2 11. Qxe2 c6 12. g4 h6 13. h4 Ne4 14. Nxe4 dxe4 15.
g5 Nd7 16. gxh6 Nxe5 17. Bxe5 f6 18. Qg4 Qe7 19. Bd6 f5 20. Bxe7 fxg4 21. Bxf8
Rxf8 22. hxg7 Rf7 23. O-O-O Rxg7 24. Rdg1 Bc7 25. Rg2 g3 26. fxg3 Rxg3 27.
Rxg3+ 1-0